LEADER 01085nam0-22003011i-450- 001 990000051240403321 035 $a000005124 035 $aFED01000005124 035 $a(Aleph)000005124FED01 035 $a000005124 100 $a20011111d--------km-y0itay50------ba 101 0 $aita 105 $ay-------001yy 200 1 $a<>pratica dell'ingegnere$eossia compendio di tutti i precetti teorici e dati pratici per gl'ingegneri, architetti,periti in costruzione e misuratori, industriali$econ aggiunta di molti articoli del codice civile e della tariffa degli onorari per gli atti giudiziari in materia civile$fNemes Martelli , Torquato Ciofi. 210 $aFirenze$cBencini$d1872 215 $aVIII, 477 p.$cill.$d19 cm 610 0 $aIngegneria$aManuali 676 $a620.002 700 1$aMartelli,$bNemes$0331962 702 1$aCiofi,$bTorquato 801 0$aIT$bUNINA$gRICA$2UNIMARC 901 $aBK 912 $a990000051240403321 952 $a13 AR 13 B 10$b561$fFINBC 959 $aFINBC 996 $aPratica dell'ingegnere$9112123 997 $aUNINA DB $aING01 LEADER 01036nam0-22003371i-450- 001 990006873530403321 005 20001010 035 $a000687353 035 $aFED01000687353 035 $a(Aleph)000687353FED01 035 $a000687353 100 $a20001010d--------km-y0itay50------ba 101 0 $aita 105 $ay-------001yy 200 1 $a<>EUROPA delle diversità$eidentità e culture alle soglie del terzo millennio$fA cura di Michele Pinna$gscritti di P. Fois... [e altri]. 210 $aMilano$cF. Angeli$d1993. 215 $a384 p.$d22 cm 225 1 $a<>punto$v12 610 0 $aEuropa - Unificazione - Congressi - Sassari - 1991 610 0 $aMinoranze - Europa - Congressi - Sassari - 1991 676 $a305.80094 702 1$aFois,$bP. 702 1$aPinna,$bMichele 801 0$aIT$bUNINA$gRICA$2UNIMARC 901 $aBK 912 $a990006873530403321 952 $aCOLLEZ. 1719 (12)$b33488$fFSPBC 959 $aFSPBC 996 $aEUROPA delle diversità$9625132 997 $aUNINA DB $aGEN01